[Event "Kalamazoo op"]
[Site "Kalamazoo"]
[Date "2001.07.28"]
[Round "2"]
[White "Saylor, Oliver"]
[Black "Dimon, Richard"]
[Result "1-0"]
[WhiteElo "1348"]
[BlackElo "1000"]
[PlyCount "63"]
[EventDate "2001.07.28"]
[EventType "swiss"]
[EventRounds "5"]
[EventCountry "USA"]
[SourceTitle "EXT 2007"]
[Source "ChessBase"]
[SourceDate "2006.11.23"]
[SourceVersion "1"]
[SourceVersionDate "2006.11.23"]
[SourceQuality "1"]

1. e4 e5 2. Nf3 Nc6 3. Bc4 Bc5 4. c3 Nh6 5. d3 0-0 6. Bxh6 gxh6 7. Qd2 Qf6 8. b4 Bb6 9. Bb3 d6 10. h3 a5 11. b5 Na7 12. a4 Kh8 13. d4 Rg8 14. Rh2 Bd7 15. Na3 Rg7 16. 0-0-0 c6 17. dxe5 dxe5 18. Qxd7 Qf4+ 19. Nd2 Qxh2 20. Qxb7 Rag8 21. Qxb6 f6 22. Bxg8 Rxg8 23. Qxa7 cxb5 24. axb5 Qxg2 25. Qe3 Qg7 26. b6 Rb8 27. Ndc4 a4 28. Qc5 Qg5+ 29. Rd2 Qf4 30. Qc7 Rxb6 31. Qxb6 Qxe4 32. Qxf6+ 1-0

[Event "Kalamazoo op07"]
[Site "Kalamazoo"]
[Date "2000.07.29"]
[Round "1"]
[White "Dimon, Richard"]
[Black "Brown, Daniel M"]
[Result "0-1"]
[WhiteElo "943"]
[BlackElo "1715"]
[PlyCount "76"]
[EventDate "2000.07.29"]
[EventType "swiss"]
[EventRounds "5"]
[EventCountry "USA"]
[SourceTitle "EXT 2007"]
[Source "ChessBase"]
[SourceDate "2006.11.23"]
[SourceVersion "1"]
[SourceVersionDate "2006.11.23"]
[SourceQuality "1"]

1. d4 f5 2. Nf3 Nf6 3. Nc3 e6 4. Bg5 Be7 5. e3 0-0 6. Qd3 b6 7. d5 Ba6 8. Nb5 Nxd5 9. Bxe7 Qxe7 10. Qd4 Bxb5 11. Bxb5 c6 12. Bd3 b5 13. 0-0 d6 14. e4 e5 15. Qxd5+ cxd5 16. exd5 a6 17. c4 bxc4 18. Bxc4 Nd7 19. a4 g5 20. b4 g4 21. Nd2 Qg5 22. Nb3 h5 23. g3 f4 24. Nd2 Nf6 25. Rab1 f3 26. b5 Qxd2 27. bxa6 Rfb8 28. Rb7 Rxb7 29. axb7 Rb8 30. Ba6 Nxd5 31. Rb1 Ne7 32. Bf1 e4 33. Bc4+ Kg7 34. Bf1 e3 35. fxe3 Qxe3+ 36. Kh1 f2 37. a5 Qe4+ 38. Bg2 Qxb1+ 0-1

[Event "Kalamazoo op07"]
[Site "Kalamazoo"]
[Date "2000.07.29"]
[Round "3"]
[White "Dimon, Richard"]
[Black "Cahill, David"]
[Result "0-1"]
[WhiteElo "943"]
[BlackElo "1305"]
[PlyCount "89"]
[EventDate "2000.07.29"]
[EventType "swiss"]
[EventRounds "5"]
[EventCountry "USA"]
[SourceTitle "EXT 2007"]
[Source "ChessBase"]
[SourceDate "2006.11.23"]
[SourceVersion "1"]
[SourceVersionDate "2006.11.23"]
[SourceQuality "1"]

1. d4 Nf6 2. Nf3 d5 3. c4 e6 4. Nc3 Be7 5. Bf4 0-0 6. e3 Nbd7 7. Bd3 c6 8. 0-0 b6 9. cxd5 Nxd5 10. Qc2 N7f6 11. Ng5 h6 12. Bh7+ Kh8 13. Nge4 Nxh7 14. Ng3 Nxf4 15. exf4 Qxd4 16. f5 Nf6 17. fxe6 Bxe6 18. Nce2 Qc5 19. Qa4 b5 20. Qd1 Rad8 21. Qc1 Qxc1 22. Rfxc1 c5 23. Nc3 a6 24. Nce4 Nxe4 25. Nxe4 Bf5 26. Nxc5 Rc8 27. Nxa6 Bf6 28. Rc5 Rxc5 29. Nxc5 Rc8 30. Na6 Bxb2 31. Rd1 Rc1 32. Rxc1 Bxc1 33. Nc5 Ba3 34. Na6 Be6 35. Kf1 Bd6 36. g3 Kg8 37. Ke2 Kf8 38. Kd3 b4 39. Nxb4 Bxb4 40. a4 Bb3 41. Kd4 Bxa4 42. h4 Be1 43. Ke3 Bd1 44. f3 Bxg3 45. f4 0-1

[Event "Kalamazoo op12"]
[Site "Kalamazoo"]
[Date "1999.12.18"]
[Round "3"]
[White "Dimon, Richard"]
[Black "Dick, Jason"]
[Result "0-1"]
[WhiteElo "1000"]
[BlackElo "1162"]
[PlyCount "86"]
[EventDate "1999.12.18"]
[EventType "swiss"]
[EventRounds "3"]
[EventCountry "USA"]
[SourceTitle "EXT 2007"]
[Source "ChessBase"]
[SourceDate "2006.11.23"]
[SourceVersion "1"]
[SourceVersionDate "2006.11.23"]
[SourceQuality "1"]

1. d4 e6 2. e4 c5 3. Nf3 cxd4 4. Nxd4 e5 5. Nf3 Nc6 6. b3 Nf6 7. Nc3 Bb4 8. Bb2 Qa5 9. Qd2 Nxe4 10. Qd3 Nxc3 11. Bxc3 Bxc3+ 12. Nd2 Bxa1 13. Qf3 Nd4 14. Qe4 Bc3 15. Qd3 Qa3 16. f3 Qc1+ 17. Kf2 Bxd2 18. h3 Qe1+ 19. Kg1 Be3+ 20. Kh2 Bf4+ 21. Kg1 Bg3 22. Rh2 Qf2+ 23. Kh1 Bxh2 24. Kxh2 d6 25. c3 Bf5 26. Qd1 Bc2 27. Bb5+ Nxb5 28. Qd5 Qb6 29. c4 Nc7 30. Qd2 Bg6 31. a3 f5 32. Qc3 f4 33. b4 Rc8 34. c5 Nb5 35. Qb2 Qc6 36. Qb3 Bf7 37. Qa4 a6 38. cxd6 Qxd6 39. Qa5 Nd4 40. Qa4+ b5 41. Qd1 Rc7 42. Qd3 Bh5 43. Qe4 Nxf3+ 0-1

[Event "Kalamazoo op10"]
[Site "Kalamazoo"]
[Date "1999.10.16"]
[Round "2"]
[White "Cahill, David"]
[Black "Dimon, Richard"]
[Result "1-0"]
[WhiteElo "1284"]
[BlackElo "916"]
[PlyCount "35"]
[EventDate "1999.10.16"]
[EventType "swiss"]
[EventRounds "3"]
[EventCountry "USA"]
[SourceTitle "EXT 2007"]
[Source "ChessBase"]
[SourceDate "2006.11.23"]
[SourceVersion "1"]
[SourceVersionDate "2006.11.23"]
[SourceQuality "1"]

1. e4 e5 2. Nf3 Nc6 3. Bb5 Bd6 4. 0-0 Nf6 5. Re1 0-0 6. Nc3 Bc5 7. Nxe5 Nxe5 8. d4 Ng6 9. dxc5 d6 10. cxd6 cxd6 11. Bg5 Ne5 12. Nd5 Neg4 13. h3 Ne5 14. Nxf6+ gxf6 15. Bh6 Re8 16. Bxe8 Qxe8 17. Qxd6 b6 18. Qxf6 1-0